Statistics for Members of Ikon (Kpop)

Click here to take the quiz!

General Stats

  • This quiz has been taken 215 times
  • The average score is 6 of 7

Answer Stats

Answer % Correct
B.I
99%
Bobby
98%
Chanwoo
88%
Junhoe
80%
Jinhwan
79%
Donghyuk
71%
Yunhyeong
62%

Score Distribution

Percentile by Number Answered

Percent of People with Each Score

Your Score History

You have not taken this quiz